The 7 Habits of Highly Effective People (Record no. 95)
[ view plain ]
| 000 -LEADER | |
|---|---|
| fixed length control field | 00348nam a22001457a 4500 |
| 020 ## - INTERNATIONAL STANDARD BOOK NUMBER | |
| International Standard Book Number | 978-1-47113-182-0 |
| 041 ## - LANGUAGE CODE | |
| Language code of text/sound track or separate title | ENG |
| 100 ## - MAIN ENTRY--PERSONAL NAME | |
| Personal name | Covey.S.R |
| 245 ## - TITLE STATEMENT | |
| Title | The 7 Habits of Highly Effective People |
| 250 ## - EDITION STATEMENT | |
| Edition statement | 25th Edition |
| 260 ## - PUBLICATION, DISTRIBUTION, ETC. (IMPRINT) | |
| Place of publication, distribution, etc | New Delhi |
| Name of publisher, distributor, etc | Simon &Schuster |
| Date of publication, distribution, etc | 2004 |
| 300 ## - PHYSICAL DESCRIPTION | |
| Extent | 391 |
| 650 ## - SUBJECT ADDED ENTRY--TOPICAL TERM | |
| Topical term or geographic name as entry element | Engilsh / General |
| 856 ## - ELECTRONIC LOCATION AND ACCESS | |
| Uniform Resource Identifier | Engilsh |
| Withdrawn status | Lost status | Source of classification or shelving scheme | Damaged status | Not for loan | Home library | Current library | Shelving location | Date acquired | Cost, normal purchase price | Barcode | Date last seen | Price effective from | Koha item type | Total Checkouts | Date checked out |
|---|---|---|---|---|---|---|---|---|---|---|---|---|---|---|---|
| Dewey Decimal Classification | College of Agricultural Engineering and Technology, Dapoli , Library | College of Agricultural Engineering and Technology, Dapoli , Library | General Stacks | 21/10/2020 | 899.00 | 007612 | 21/10/2020 | 21/10/2020 | Books | ||||||
| Dewey Decimal Classification | College of Agricultural Engineering and Technology, Dapoli , Library | College of Agricultural Engineering and Technology, Dapoli , Library | Book Cart | 03/11/2021 | 825.00 | 006032 | 10/04/2024 | 03/11/2021 | Books | 3 | 01/04/2024 |